000 00692nam a2200205Ia 4500
003 GCL
008 140319s9999 xx 000 0 ara d
040 _aGCL /
_cGCL
082 0 4 _aط
_b031
_bش ك
100 1 _aالشركة الشرقية للمطبوعات
245 1 0 _aكتاب المعرفة : جسم الانسان :
_bعلوم /
_cالشركة الشرقية للمطبوعات
260 _aالقاهرة :
_bالشركة الشرقية للمطبوعات
300 _a160 ص ؛
_c30 سم
490 _aكتاب المعرفة
_v0
650 0 4 _aالطب
650 0 4 _aجسم الانسان
650 0 4 _aالفسيولوجيا
650 0 4 _aالتشريح
942 _2ddc
_cBK
999 _c48067
_d48067